Bioética. (Registro nro. 634)
[ vista simple ]
| 000 -LEADER | |
|---|---|
| fixed length control field | 01039 am a2200277 a 4500 |
| 005 - FECHA ULTIMA MODIFICACION | |
| control field | 20240701120217.0 |
| 008 - CAMPO DE CONTROL (LIBRO) | |
| fixed length control field | 100825s1998||||ag # f |||| 001 0 spa d |
| 020 ## - INTERNATIONAL STANDARD BOOK NUMBER | |
| ISBN | 9500714019 |
| 041 ## - CODIGO DE IDIOMA | |
| Código de idioma del texto/pista de sonido o título separado | spa |
| 092 ## - SIGNATURA TOPOGRAFICA DEWEY LOCAL | |
| número de clasificación | 174 |
| libristica | 50 |
| sección | LUN |
| 100 1# - ENTRADA PRINCIPAL--NOMBRE PERSONAL | |
| Nombre personal | Luna, Florencia. |
| 9 (RLIN) | 1300 |
| 245 ## - TITULO PROPIAMENTE DICHO | |
| Título | Bioética. |
| Subtítulo y Título paralelo | Investigación, muerte, procreación y otros temas de ética aplicada / |
| Mención de responsabilidad y remanente de la transcripción de la portada | Florencia Luna |
| 250 ## - MENCION DE EDICION | |
| Mención de edición | 1a ed. |
| Mención de responsabilidad relacionada con la ed. | Traducción Horacio Pons y Alberto Gioia. |
| 260 ## - PIE DE IMPRENTA | |
| Lugar de publicación, distribución, etc | Buenos Aires: |
| Nombre de la editorial, distribuidor, etc | Sudamericana; |
| Fecha de publicación | 1998. |
| 300 ## - DESCRIPCION FISICA | |
| Extension | 447 p. |
| 500 ## - NOTA GENERAL | |
| Nota general | Luna, F. y Salles, A. (1998). Bioética. Investigación, muerte, procreación y otros temas de ética aplicada. (1a ed.). Buenos Aires : Sudamericana. |
| 653 ## - TÉRMINO INDIZADO - PALABRAS CLAVES | |
| Palabra clave | Etica e investigación clínica |
| 653 ## - TÉRMINO INDIZADO - PALABRAS CLAVES | |
| Palabra clave | Toma de decisiones terapéuticas |
| 653 ## - TÉRMINO INDIZADO - PALABRAS CLAVES | |
| Palabra clave | Problemas al final de la vida: derecho a morir y suicidio asistido |
| 653 ## - TÉRMINO INDIZADO - PALABRAS CLAVES | |
| Palabra clave | Libertad reproductiva |
| 653 ## - TÉRMINO INDIZADO - PALABRAS CLAVES | |
| Palabra clave | Conflictos materno-fetales |
| 700 1# - ENTRADAS SECUNDARIAS - NOMBRE PERSONAL | |
| Nombre personal | Salles, Arleen |
| 9 (RLIN) | 1302 |
| 930 ## - NUMERO DE INVENTARIO | |
| Número de inventario | 913 |
| 930 ## - NUMERO DE INVENTARIO | |
| Número de inventario | 914 |
| 942 ## - ADDED ENTRY ELEMENTS (KOHA) | |
| Source of classification or shelving scheme | Dewey Decimal Classification |
| Item type | Libros |
| Estado de retiro | Existencia | Fuente de clasificación | Estado general | No para prestamo | Colección | Ubicación permanente | ubicación actual | Sala de ubicación | Fecha de adquisición | Total Checkouts | Número de clasificación | Código de barras | Date last seen | Número de ejemplar | Price effective from | Koha tipo de elemento (item) | Public note | Date last borrowed | Fuente de adquisición | Coded location qualifier |
|---|---|---|---|---|---|---|---|---|---|---|---|---|---|---|---|---|---|---|---|---|
| Dewey Decimal Classification | Reference | Biblioteca Medicina | Biblioteca Medicina | Referencia | 13/05/2011 | 174 50 LUN | 913 | 06/11/2014 | ej.1 | 31/08/2011 | Reference | LIBRO DE CONSULTA | ||||||||
| Biblioteca Medicina | Biblioteca Medicina | Circulación | 13/05/2011 | 6 | 174 50 LUN | 914 | 06/11/2014 | ej.2 | 13/05/2011 | Libros | 20/11/2013 | |||||||||
| Dewey Decimal Classification | Biblioteca Medicina | Biblioteca Medicina | Circulación | 06/08/2024 | 174 50 LUN | 4690 | 06/08/2024 | Ej.3 | 06/08/2024 | Libros | Donación 2021 | Donación 2021 |